<?xml version="1.0" encoding="utf-8"?>
<?xml-stylesheet type='text/xsl' href='./oai2.xsl'?>
<OAI-PMH xmlns="http://www.openarchives.org/OAI/2.0/" xmlns:xsi="http://www.w3.org/2001/XMLSchema-instance" xsi:schemaLocation="http://www.openarchives.org/OAI/2.0/ http://www.openarchives.org/OAI/2.0/OAI-PMH.xsd">
  <responseDate>2026-06-07T05:50:26Z</responseDate>
  <request verb="GetRecord" metadataPrefix="marcxml" identifier="record_kuniweb_2501570">https://kulturerbe.niedersachsen.de/oai</request>
  <GetRecord>
    <record>
      <header>
        <identifier>record_kuniweb_2501570</identifier>
        <datestamp>2026-03-31T19:09:18Z</datestamp>
        <setSpec>slg0184</setSpec>
      </header>
      <metadata>
        <marc:record xmlns:marc="http://www.loc.gov/MARC21/slim" xsi:schemaLocation="http://www.loc.gov/MARC21/slim http://www.loc.gov/standards/marcxml/schema/MARC21slim.xsd">
          <marc:leader>12345nkm  22     uu 4500</marc:leader>
          <marc:controlfield tag="001">2501570</marc:controlfield>
          <marc:controlfield tag="003">http://kuniweb.gbv.de</marc:controlfield>
          <marc:controlfield tag="005">2026-02-12T14:55:21</marc:controlfield>
          <marc:controlfield tag="008">|           ||||||||||||||||||||||</marc:controlfield>
          <marc:datafield tag="245" ind1="1" ind2="0">
            <marc:subfield code="a">Ourscamp</marc:subfield>
          </marc:datafield>
          <marc:datafield tag="720" ind1=" " ind2=" ">
            <marc:subfield code="a">Paul Eliasberg</marc:subfield>
          </marc:datafield>
          <marc:datafield tag="655" ind1=" " ind2="7">
            <marc:subfield code="a">Grafik</marc:subfield>
          </marc:datafield>
          <marc:datafield tag="046" ind1=" " ind2=" ">
            <marc:subfield code="k">1967</marc:subfield>
            <marc:subfield code="k">1967</marc:subfield>
          </marc:datafield>
          <marc:datafield tag="260" ind1=" " ind2=" ">
            <marc:subfield code="g">1967</marc:subfield>
            <marc:subfield code="g">1967</marc:subfield>
          </marc:datafield>
          <marc:datafield tag="300" ind1=" " ind2=" ">
            <marc:subfield code="a">Höhe: 502 mm (Blatt)
Breite: 652 mm (Blatt)
Höhe: 242 mm (Platte)
Breite: 319 mm (Platte)</marc:subfield>
          </marc:datafield>
          <marc:datafield tag="520" ind1=" " ind2=" ">
            <marc:subfield code="a">Von den Ruinen der ehemaligen Zisterzienser-Abtei Ourscamp schuf Eliasberg Radierungen in zwei farblichen Varianten (Schwarz und „Englisch-Rot“). Die Ruine liegt rund fünf Kilometer südlich von Noyon nahe der Oise. Von der Kirche sind noch die Chorpartie, die ihr Gewölbe und die Umgangskapellen verloren hat, mit dem gotischen Triumphbogen und die Ostwände des Querhauses erhalten. Eliasberg zeigt in seinen Radierungen ein Stück des Chores mit dem Chorumgang.  (Städtisches Museum Braunschweig, Text: Lars Berg)

Aufschrift:
Bezeichnet, mit Bleistift, unterhalb des Plattenrandes links: "H.C. 3/5"; oben und unten, links und rechts: "51"; signiert, unterhalb des Plattenrandes rechts: "Eliasberg" Verso, bezeichnet, mit Bleistift, oben links: "51" [umkreist].

Veröffentlicht in:
L. Berg, P. Joch, und P. Eliasberg, „Paul Eliasberg - verzauberte Räume“. Michael Imhof Verlag, Petersberg, 2025. (S. 45, Kat. Nr. 19 (Abb.); S. 133, Kat. Nr. 19.)

Veröffentlicht in:
J. C. Jensen, J. C. Jensen, und P. Eliasberg, „Paul Eliasberg Das Gesamtwerk der Druckgraphik; vollständiger Katalog aller druckgraphischen Arbeiten 1957 bis 1983“. Christians, Hamburg, 1983. (Nr. 51.)</marc:subfield>
          </marc:datafield>
          <marc:datafield tag="650" ind1="1" ind2=" ">
            <marc:subfield code="a">Grafik, Fotografie &gt; Druckgrafik &gt; Tiefdruck &gt; Radierung &gt; Kaltnadelradierung</marc:subfield>
          </marc:datafield>
          <marc:datafield tag="650" ind1="1" ind2=" ">
            <marc:subfield code="a">Grafik, Fotografie &gt; Druckgrafik &gt; Tiefdruck &gt; Radierung</marc:subfield>
          </marc:datafield>
          <marc:datafield tag="650" ind1="1" ind2=" ">
            <marc:subfield code="a">Zeichnung/Grafik</marc:subfield>
          </marc:datafield>
          <marc:datafield tag="650" ind1="1" ind2=" ">
            <marc:subfield code="a">Chiry-Ourscamp</marc:subfield>
          </marc:datafield>
          <marc:datafield tag="773" ind1="0" ind2=" ">
            <marc:subfield code="t">Sammlung Grafik</marc:subfield>
          </marc:datafield>
          <marc:datafield tag="852" ind1=" " ind2=" ">
            <marc:subfield code="a">Städtisches Museum Braunschweig</marc:subfield>
          </marc:datafield>
          <marc:datafield tag="" ind1=" " ind2=" ">
            <marc:subfield code="a">Urheberrechtsschutz (InC)</marc:subfield>
          </marc:datafield>
        </marc:record>
      </metadata>
    </record>
  </GetRecord>
</OAI-PMH>
